000 00570cam a2200205 4500
001 D1153
008 090401t1963 xxu||||| |||| 00| 0 eng d
035 _a(Sirsi) u62717
041 _aeng
050 _a692.30994
110 _aAustralian Institute of Quantity Surveyors
_92261
245 _aAustralian standard method of measurement of building works
250 _a2nd
260 _aCrows Nest, NSW
_bAustralian Institute of Quantity Surveyo
_c1963
300 _av. 62p. 33cm
350 _a0
520 _aFiled SMM 1963/7B
942 _n0
948 _c04/03/1997
999 _c94473
_d94473